000 00316 a2200157 4500
001 195264
040 _cMagnum
100 _aFlávia, Hila
240 1 0 _aA enfermeira
_l
245 1 0 _aA enfermeira
300 _a12
362 0 _a1999
440 1 _aMazza Edições
697 _aLITERATURA INFANTIL
942 _cBK
999 _c195264
_d195264